00813pam a2200253 a 4500001000700000003000400007005001700011008004100028010001700069020001500086020001500101040001800116050002500134082002500159100002500184245011800209260005300327300003400380440005500414500002000469650003100489650002000520700001900540899215OSt20200124110143.0811117s1982 njua 001 0 eng  a 81021025  a0131078054 a0876925301 aDLCcDLCdDLC00aHF5548.2b.H396 198200a658.40388219bHAU/B aHaueisen, William D 10aBusiness systems for microcomputers :bconcept, design, and implementation /cWilliam D. Haueisen, James L. Camp. aEnglewood Cliffs, N.J. :bPrentice-Hall,cc1982. axvi, 416 p. :bill. ;c24 cm. 0aPrentice-Hall series in data processing management aIncludes index. 0aBusinessxData processing. 0aMicrocomputers.1 aCamp, James L.